| Tag |
First Indicator |
Second Indicator |
Subfields |
| LEADER |
00000cam a2200000Ia 4500 |
| 001 |
in00002364921 |
| 005 |
20151109040742.0 |
| 008 |
071024s2007 enka b 000 0 eng d |
| 019 |
|
|
|a 176853603
|
| 020 |
|
|
|a 9780754673613
|
| 020 |
|
|
|a 0754673618
|
| 029 |
1 |
|
|a NLGGC
|b 305419315
|
| 035 |
|
|
|a (OCoLC)ocn192000799
|
| 035 |
|
|
|a (OCoLC)192000799
|z (OCoLC)176853603
|
| 040 |
|
|
|a GBU
|c GBU
|d GBU
|d BAKER
|d BWK
|d YDXCP
|d UtOrBLW
|
| 049 |
|
|
|a TXAM
|
| 050 |
|
4 |
|a HQ1061
|b .M323 2007
|
| 245 |
0 |
0 |
|a Mainstreaming ageing :
|b indicators to monitor sustainable policies /
|c Bernd Marin and Ashgar Zaidi (eds.).
|
| 264 |
|
1 |
|a Aldershot :
|b Ashgate,
|c 2007.
|
| 300 |
|
|
|a 850 pages :
|b illustrations ;
|c 24 cm.
|
| 336 |
|
|
|a text
|b txt
|2 rdacontent
|
| 337 |
|
|
|a unmediated
|b n
|2 rdamedia
|
| 338 |
|
|
|a volume
|b nc
|2 rdacarrier
|
| 490 |
1 |
|
|a Public policy and social welfare ;
|v v. 32
|
| 504 |
|
|
|a Includes bibliographical references.
|
| 505 |
0 |
|
|a Changing demographic contexts and policy challenges -- Income and wealth -- Quality of life -- Labour market and early retirement -- Sustainable social security -- Economic growth, financial and social sustainability -- Appendix : mainstreaming ageing : indicators to monitor implementation (MA:IMI).
|
| 650 |
|
0 |
|a Aging.
|
| 650 |
|
0 |
|a Older people.
|
| 650 |
|
0 |
|a Aging
|x Social aspects.
|
| 650 |
|
0 |
|a Aging
|x Economic aspects.
|
| 650 |
|
0 |
|a Older people
|x Social conditions.
|
| 650 |
|
0 |
|a Older people
|x Economic conditions.
|
| 700 |
1 |
|
|a Marin, Bernd,
|d 1948-
|e editor.
|
| 700 |
1 |
|
|a Zaidi, M. Asghar,
|e editor.
|
| 830 |
|
0 |
|a Public policy and social welfare ;
|v v. 32.
|
| 938 |
|
|
|a Baker & Taylor
|b BKTY
|c 74.95
|d 74.95
|i 0754673618
|n 0007543488
|s active
|
| 938 |
|
|
|a Blackwell Book Service UK
|b BBUK
|n L9778783
|c 37.50
|
| 938 |
|
|
|a YBP Library Services
|b YANK
|n 100479374
|
| 945 |
|
|
|a PromptCat
|b 360141
|
| 946 |
|
|
|a stk
|
| 947 |
|
|
|a A14836844170
|
| 994 |
|
|
|a C0
|b TXA
|
| 948 |
|
|
|a cataloged
|b h
|c 2008/3/20
|d c
|e jlanham
|f 12:03:06 pm
|
| 999 |
|
|
|a MARS
|
| 999 |
f |
f |
|s 1b6a7602-a492-3afc-9b9c-9b3d307377de
|i 34d0c011-c691-34f4-9d1f-db0351e0b26b
|t 0
|
| 952 |
f |
f |
|p ric
|a Texas A&M University
|b Rellis Campus
|c Joint Library Facility
|d Remote Storage
|t 0
|e HQ1061 .M323 2007
|h Library of Congress classification
|i unmediated -- volume
|m A14836844170
|
| 998 |
f |
f |
|a HQ1061 .M323 2007
|t 0
|l Remote Storage
|